Countries With Vowels Removed - Statistics

General Stats
  • This quiz has been taken 31 times
  • The average score is 14 of 15
Answer Stats
Hint Answer % Correct
_rg_nt_n_ Argentina
100%
__str_l__ Australia
100%
_z_rb__j_n Azerbaijan
100%
B_h_m_s Bahamas
100%
C_n_d_ Canada
100%
Ch_d Chad
100%
Ch_l_ Chile
100%
C_l_mb__ Columbia
100%
D_nm_rk Denmark
100%
_th__p__ Ethiopia
100%
G_rm_an_ Germany
100%
Gr__c_ Greece
100%
J_p_n Japan
100%
K_r_b_t_ Kiribati
100%
M_d_g_sc_r Madagascar
100%
M_x_c_ Mexico
100%
M_r_c_ Morocco
100%
P_k_st_n Pakistan
100%
P_r_ Peru
100%
S__d_ _r_b__ Saudi Arabia
100%
Sp__n Spain
100%
Sr_ L_nk_ Sri Lanka
100%
Sw_d_n Sweden
100%
_n_t_d K_ngd_m United Kingdom
100%
_n_t_d St_t_s United States
100%
_r_g___ Uruguay
100%
V__tn_m Vietnam
100%
Z_mb_bw_ Zimbabwe
100%
T_ng_ Tonga
83%
Ch_n_ China
75%
S_d_n Sudan
75%
_lg_r__ Algeria
50%
_c_l_nd Iceland
50%
_nd_n_s__ Indonesia
50%
M_ng_l__ Mongolia
50%
M_z_mb_q__ Mozambique
50%
Th__l_nd Thailand
50%
V_n_z__l_ Venezuela
50%
_ng_l_ Angola
33%
C_b_ Cuba
0%
_c__d_r Ecuador
0%
_r_l_nd Ireland
0%
K_z_khst_n Kazakhstan
0%
P_rt_g_al Portugal
0%
__m_n Yemen
0%
No matching quizzes found
Score Distribution
Percent of People with Each Score
Percentile by Number Answered
Your Score History
You have not taken this quiz